000
00294nam a22001337a 4500
008
181029b xxu||||| |||| 00| 0 eng d
020
_a
2740233722888
041
_a
eng
080
_2
5 ED
_a
336
100
_a
57
101
_a
FIN
245
_a
Health Finance
_c
Gapenaski.L.C
942
_2
udc
_c
BK
999
_c
50997
_d
50997